MARC

LEADER 00000nam0a2200000 4500
001 262544
005 20231101233649.0
010 |a 5283043932 
035 |a (RuTPU)RU\TPU\book\285527 
090 |a 262544 
100 |a 20140602d1988 km y0rusy50 ca 
101 0 |a rus 
102 |a RU 
105 |a a z 001zy 
200 1 |a Расчет периодических режимов в нелинейных системах управления: машинно-ориентированные методы  |f Ю. А. Бычков, Ю. В. Васильев 
210 |a Ленинград  |c Энергоатомиздат  |d 1988 
215 |a 112 с.  |c ил. 
225 1 |a Библиотека по автоматике  |v Вып. 667 
320 |a Библиогр.: с. 110. 
606 1 |a Автоматические системы управления  |x Нелинейные  |2 stltpush  |3 (RuTPU)RU\TPU\subj\887  |9 29693 
610 1 |a автоколебательные системы 
610 1 |a анализ 
610 1 |a синтез 
610 1 |a многочастотные вынужденные колебания 
610 1 |a многочастотные сложные колебания 
610 1 |a одноконтурные системы 
610 1 |a расчет 
675 |a 681.511.4  |v 3 
700 1 |a Бычков  |b Ю. А.  |g Юрий Александрович 
701 1 |a Васильев  |b Ю. В.  |g Юрий Васильевич 
801 1 |a RU  |b 63413507  |c 20140602 
801 2 |a RU  |b 63413507  |c 20150328  |g RCR 
942 |c BK